000 00969nac a22003017a 4500
001 BR6800191
003 BR-BrBNA
005 20240105113328.0
008 230509b bl.|||m| |||| 00| 0 por d
040 _aBR-BrBNA
_bpor
_cBiblioteca Nacional de Agricultura
072 _aM40
090 _aM40 BR6800191
100 1 _aPhonlor, G.
110 1 _aInstituto de Defesa do Patrimonio Natural, Curitiba, PR (Brasil)
_95999
245 1 _aSalinity - temperature tolerances of some planktonic copepods [Pseudodiaptomus acutus; Acartia lilljeborghii; Euterpina acutifrons; Parana; Brasil]
260 3 _aCuritiba, PR (Brasil):
_c1968.
300 _a16 p.
490 _aAraucariana. Zoologia (Brazil)
_vno. 1
_x
500 _a22 ref.
650 _aBiologia aquatica
650 _aSalinizacao
650 _aCopepoda
650 _aPlancton
650 _aTemperatura
650 _aParana
909 _a202312
_bLúcia Elande
_c55
_dLúcia Elande
942 _2AGRIS
_n0
_cMS
999 _c263120
_d263120